| 000 | 01239cam a22003254a 4500 | ||
|---|---|---|---|
| 005 | 20080820115011.0 | ||
| 008 | 080216s2008 ii b 001 0 eng | ||
| 010 | _aENG-92076 | ||
| 020 |
_a818692146X _c1100.00 |
||
| 020 |
_a9788186921463 _c1100.00 |
||
| 035 | _aEN-75609 | ||
| 037 | _bDBAD / PUB | ||
| 040 |
_adpl _bEnglish |
||
| 082 | _a359.00954 | ||
| 100 | _aSugandha, 1976- | ||
| 245 |
_aEvolution of maritime strategy and national security of India / _cby Sugandha |
||
| 260 |
_bDecent Books _c2008 _aNew Delhi |
||
| 270 |
_aD-36/A-1, Mohan Garden, Najafgarh Road, _bNew Delhi _e110059 |
||
| 300 |
_axxvi, 509p.: _c23 cm (Hb) _bb&w photos, maps |
||
| 500 | _aIncludes bibliographical references and index | ||
| 650 |
_aSea-power _zIndia |
||
| 650 |
_aNational security _zIndia |
||
| 650 | _aNaval strategy | ||
| 650 |
_aNavigation _zIndia _xHistory |
||
| 650 |
_aNavigation _zIndian Ocean _xHistory |
||
| 651 |
_aIndian Ocean _xStrategic aspects. |
||
| 942 |
_2ddc _cEN _mSUG _h359.00954 |
||
| 999 |
_c19600 _d19600 |
||